Modeling urban dynamics: mobility, accessibility and real estate value
Сохранить в:
| Главные авторы: | , |
|---|---|
| Формат: | |
| Язык: | английский |
| Опубликовано: |
Londres
ISTE
2011
Hoboken John Wiley 2011 |
| Редактирование: | 1a. ed |
| Серии: | Geographical Information Systems Series
|
| Предметы: | |
| Метки: |
Добавить метку
Нет меток, Требуется 1-ая метка записи!
|
MARC
| LEADER | 00000cam a2200000 a 4500 | ||
|---|---|---|---|
| 001 | UCF6801 | ||
| 003 | CL-VaPUC | ||
| 008 | 130524e20110000UK |||||||||||||||||eng|d | ||
| 020 | |a 9781848212688 | ||
| 082 | 0 | 4 | |a 307.76 |b THE |2 21 |
| 100 | 0 | |a Thériault, Marius |e author |9 568790 | |
| 700 | 0 | |a Des Rosiers, Francois |e author |9 568791 | |
| 245 | 1 | 0 | |a Modeling urban dynamics: mobility, accessibility and real estate value |
| 250 | |a 1a. ed | ||
| 300 | |a 320 p | ||
| 942 | |c BK | ||
| 945 | |d 20130524 00:00:00 |a cmena | ||
| 260 | |a Londres |b ISTE |c 2011 | ||
| 260 | |a Hoboken |b John Wiley |c 2011 | ||
| 650 | 0 | |a Ciudades y pueblos |9 265139 | |
| 650 | 0 | |a Modelos econométricos |9 261094 | |
| 650 | 0 | |a Urbanización |9 265706 | |
| 650 | 0 | |a Planificación urbana |9 258176 | |
| 650 | 0 | |a Sociología urbana |9 268099 | |
| 583 | |a last modification |c 20130524 08:39:00 |k Rodrigo Vera | ||
| 490 | 0 | |a Geographical Information Systems Series | |
| 999 | |c 351869 |d 351867 | ||
| 952 | |0 0 |1 0 |4 0 |6 307_760000000000000_THE_2011_2011 |7 0 |8 A |9 456260 |a BIBING |b BIBING |d 2019-11-22 |i 4975669 |o 307.76 THE 2011 2011 |p 4975669 |r 2025-01-20 |w 2019-11-22 |y BK |k GEO | ||